|
|
|
|
| LEADER |
00000nam a2200000 a 4500 |
| 001 |
vtls009303788 |
| 003 |
SK-MaSNL |
| 005 |
20260301145229.0 |
| 008 |
240314s2006 xo a d 000 1dslo |
| 015 |
|
|
|a SNBA2008/08-03093
|
| 020 |
|
|
|a 8089178162
|q (brož.)
|
| 035 |
|
|
|a urn:nbn:sk:snk-am00d5oi
|
| 035 |
|
|
|a urn:nbn:sk:snk-am3hqjh
|
| 035 |
|
|
|a DD79BB44-A861-46C9-9332-5FB14512C147
|
| 040 |
|
|
|a SNK
|b slo
|c SNK
|e AACR2
|
| 041 |
0 |
|
|a slo
|
| 044 |
|
|
|a xo
|c SK
|
| 072 |
|
7 |
|a 821.162.4
|x Slovenská literatúra
|2 konspekt
|
| 080 |
|
|
|a 17.02
|2 2001
|
| 080 |
|
|
|a 821.162.4
|2 2001
|
| 080 |
|
|
|a (0:82-84)
|2 2001
|
| 100 |
1 |
|
|a Rybová, Katarína,
|d 1987-
|4 aut
|9 504739
|
| 245 |
1 |
0 |
|a Svitá, a ešte nebola tma
|c Katarína Rybová ; [ilustrácie: Eva Takácsová]
|
| 250 |
|
|
|a 1. vyd.
|
| 260 |
|
|
|a Dunajská Lužná
|b MilaniuM
|c 2006
|
| 300 |
|
|
|a 63 s.
|b ilustr.
|c 15 cm
|
| 490 |
1 |
|
|a Sentencie
|
| 500 |
|
|
|a Biogr. údaje
|
| 650 |
0 |
7 |
|a životná múdrosť
|2 SNKPH
|9 4008
|
| 650 |
0 |
7 |
|a slovenská literatúra
|2 SNKPH
|9 1115
|
| 655 |
|
7 |
|a aforizmy
|2 SNKPH
|9 1250
|
| 700 |
1 |
|
|a Takácsová, Eva,
|d 1983-
|4 ill
|9 504740
|
| 830 |
|
0 |
|a Sentencie
|9 439099
|
| 919 |
|
|
|a 80-89178-16-2
|
| 958 |
|
|
|a NB
|
| 968 |
|
|
|d 821
|
| 999 |
|
|
|c 779482
|d 781412
|
| 952 |
|
|
|a SNK
|b SNK
|y PREZ
|7 0
|p 17A0589890
|o snkSE 11639
|i snk2008/12612
|8 0
|0 0
|1 0
|4 0
|d 2008-06-16
|f 1
|l 0
|r 2026-02-24 01:00:42
|w 2026-02-24
|
| 952 |
|
|
|a SNK
|b SNK
|y VYP
|7 0
|p 17A0589891
|o snkSE 11639 D1
|i snk2008/12613
|8 0
|0 0
|1 0
|4 0
|d 2008-06-16
|l 0
|r 2026-02-24 01:00:42
|w 2026-02-24
|